000
00311nam a22001337a 4500
008
181105b xxu||||| |||| 00| 0 eng d
020
_a
9781133941692
041
_a
eng
080
_2
4th
_a
371
100
_a
46
101
_a
EDU
245
_a
From Master Student to Master Employee
_c
Toft,D
942
_2
udc
_c
BK
999
_c
51791
_d
51791